|
|
|
|
| LEADER |
00000nab a2200000 a 4500 |
| 001 |
vtls000199645 |
| 003 |
SK-MaSNL |
| 005 |
20260303221023.0 |
| 008 |
150501c1984 xo 0 slo |
| 015 |
|
|
|a SNBRB19rr/mm-uuuuu
|
| 035 |
|
|
|a CL0209758
|
| 040 |
|
|
|a SNKBUCL
|b slo
|c SNKBUCL
|e AACR2
|
| 041 |
0 |
|
|a slo
|
| 044 |
|
|
|a xo
|c SK
|
| 080 |
|
|
|a 78.071.2:786.2
|2 1981
|
| 080 |
|
|
|a 786.2
|2 1981
|
| 080 |
|
|
|a 78.071.2
|2 1981
|
| 080 |
|
|
|a 787.1
|2 1981
|
| 080 |
|
|
|a 929 Dang Thai Son
|2 1981
|
| 080 |
|
|
|a 929 Stamenova, Galina
|2 1981
|
| 100 |
1 |
|
|a Stamenova, Galina
|4 aut
|9 1254739
|
| 245 |
1 |
0 |
|a BHS a mladé talenty
|c Galina Stamenova, Dang Thai Son, Ivan Werner
|
| 300 |
|
|
|b Obr. 2.
|
| 650 |
0 |
7 |
|a Dang, Thai Son
|2 snkbucl
|9 1254740
|
| 650 |
0 |
7 |
|a Stamenova, Galina
|2 snkbucl
|9 1254741
|
| 655 |
|
7 |
|a články z novín a časopisov
|2 snkbucl
|9 267496
|
| 700 |
1 |
|
|a Dang, Thai Son
|4 aut
|9 1254742
|
| 700 |
1 |
|
|a Werner, Ivan
|4 aut
|9 806650
|
| 773 |
0 |
|
|t Sloboda
|g Roč. 39, č. 45 (1984), s. 4
|
| 850 |
|
|
|a Slovenská národná knižnica v Martine
|a MTA001
|
| 852 |
|
|
|a SNK
|b KIS3GCP
|
| 958 |
|
|
|a RK
|
| 958 |
|
|
|a BG
|
| 992 |
|
|
|a RBX
|
| 999 |
|
|
|c 2230209
|d 2232139
|